=LDR 00000nam 2200000 4500 =001 INLIS000000000032944 =005 20130612134927 =008 ***********************************ind** =035 ##$$0010-061300000032944 =041 ##$$a ind =082 ##$$a 028.55 =090 ##$$a 028.55, Sam i =100 ##$$a Samyono, Isfand =245 ##$$a Indahnya memaafkan, Isfand Samyono; Penyunting, Saofia Mansoor =260 ##$$a 2009 $b Bandung =300 ##$$a 23 hlm, ilus, 19 cm =650 ##$$a Bacaan Anak-anak =700 ##$$a Mansoor, Sofia =850 ##$$a NBPNMAT